| 000 | 01545nam a2200301 a 4500 | ||
|---|---|---|---|
| 001 | BRCA_2655 | ||
| 005 | 20190320203917.0 | ||
| 008 | 011208s1882----fr-a---###---#000-0dspa-u | ||
| 041 | _aspa | ||
| 044 | _afr | ||
| 084 |
_a197 _b.G376 _c1882 |
||
| 100 | 1 |
_aCervantes Saavedra, Miguel de _d1547-1616 _9213 |
|
| 245 | 1 | 0 |
_aEl Ingenioso Hidalgo Don Quijote de la Mancha _ccompuesto por Miguel de Cervantes Saavedra. |
| 260 |
_aParís _bLibreria de Garnier Hermanos _c1882 |
||
| 300 |
_a772 p. _bil. _c18 cm. |
||
| 500 | _aContenido : Primera parte. Retrato de Cervantes. Vida de Cervantes refundición de la escrita por Aribau. Dedicatoria del autor. Prólogo del autor. Versos preliminares. Texto. Segunda parte. Dedicatoria del autor. Prólogo del autor. Texto | ||
| 500 | _aEdición : Conforme la última corregida por la Academia Española, con la vida del autor y notas | ||
| 500 | _aReproducción de la edición de 1879 de los mismos editpres. Tela; lomera y planos adornados. Ejemplar falto de 2 páginas al final de la obra Lúdovik Osterc | ||
| 500 | _aEstado físico : Presenta hojas desprendidas al principio y al final. Anotaciones manuscritas en la falsaq portada | ||
| 500 | _aQM189 | ||
| 650 | 1 | 4 |
_aNovela española _yÉpoca clásica, 1500-1700 _9215 |
| 650 | 1 | 4 |
_aLiteratura española _yÉpoca clásica, 1500-1700 _9216 |
| 650 | 1 | 4 |
_aNovela española _ySiglo XVII _9217 |
| 650 | 1 | 4 |
_aDon Quijote (Personaje ficticio) _eNovela _9218 |
| 740 | 0 | _aEl Ingenioso Hidalgo Don Quijote de la Mancha | |
| 902 | _aQFM | ||
| 942 |
_2lcc _cB |
||
| 999 |
_c2395 _d2395 |
||